Top 10 NBA SF's OAT - Statistics

General Stats
  • This quiz has been taken 25 times
  • The average score is 9 of 10
Answer Stats
Hint Answer % Correct
#2 - Celtics Larry Bird
100%
#1 - Heat LeBron James
100%
#5 - Bulls Scottie Pippen
100%
#3 - Thunder Kevin Durant
96%
#8 - Hawks Dominique Wilkins
83%
#7 - Celtics John Havlicek
83%
#9 - Celtics Paul Pierce
83%
#6 - Lakers Elgin Baylor
79%
#10 - Lakers James Worthy
75%
#4 - Nets Julius Erving
71%
No matching quizzes found
Score Distribution
Percent of People with Each Score
Percentile by Number Answered
Your Score History
You have not taken this quiz